[Event "Bosnjaci op 24th"]
[Site "Bosnjaci"]
[Date "2019.01.05"]
[Round "4"]
[White "Antolovic, Pero"]
[Black "Jergovic, Andrija"]
[Result "0-1"]
[WhiteElo "1774"]
[BlackElo "2012"]
[PlyCount "68"]
[EventDate "2019.01.03"]
[EventType "swiss"]
[EventRounds "9"]
[EventCountry "CRO"]
[SourceTitle "CBM 188 Extra"]
[Source "ChessBase"]
[SourceDate "2019.02.26"]
[SourceVersion "1"]
[SourceVersionDate "2019.02.26"]
[SourceQuality "1"]

1. f4 d5 2. Nf3 Nf6 3. d4 g6 4. e3 Bg7 5. c4 c5 6. Nc3 cxd4 7. exd4 Nc6 8. cxd5 Nxd5 9. Bb5 0-0 10. Bxc6 bxc6 11. 0-0 Ba6 12. Re1 e6 13. h3 Rb8 14. Nxd5 cxd5 15. a3 Bc4 16. b4 a5 17. Bd2 Qb6 18. Bc3 axb4 19. Bxb4 Rfc8 20. Ne5 Bb5 21. Bc5 Qc7 22. a4 Ba6 23. Qd2 Rb3 24. Ra2 Bh6 25. Qf2 Qa5 26. Re3 Rb1+ 27. Kh2 Rf1 28. Rf3 Rxf2 29. Rfxf2 Bc4 30. Ra3 Qe1 31. Ng4 Bg7 32. Rff3 h5 33. Ne5 Rb8 34. Rae3 Qd1 0-1

[Event "Bosnjaci op 23rd"]
[Site "Bosnjaci"]
[Date "2018.01.04"]
[Round "3"]
[White "Antolovic, Pero"]
[Black "Petricevic, Ivan"]
[Result "0-1"]
[WhiteElo "1777"]
[BlackElo "2025"]
[PlyCount "94"]
[EventDate "2018.01.03"]
[EventType "swiss"]
[EventRounds "9"]
[EventCountry "CRO"]
[SourceTitle "CBM 182 Extra"]
[Source "ChessBase"]
[SourceDate "2018.02.23"]
[SourceVersion "1"]
[SourceVersionDate "2018.02.23"]
[SourceQuality "1"]

1. f4 e5 2. e3 Nc6 3. Bc4 d5 4. Bb5 Bd6 5. d4 exf4 6. exf4 Nf6 7. Nf3 0-0 8. 0-0 Ne7 9. Bd3 Nf5 10. c3 Ng4 11. Bxf5 Bxf5 12. Ne5 Qh4 13. h3 Nf6 14. Nd2 Ne4 15. Nxe4 Bxe4 16. Qg4 Qe7 17. Bd2 f5 18. Qe2 Rf6 19. Rf2 c6 20. a3 a5 21. b4 axb4 22. cxb4 Bc2 23. Rf3 Ba4 24. Rc1 Bb5 25. Qf2 Rff8 26. Rg3 Bc7 27. h4 Rf6 28. Re1 Qd6 29. Bc1 Rh6 30. Rg5 Bd8 31. Rxf5 Bf6 32. Ng4 Bxh4 33. g3 Rg6 34. Qe3 Qd7 35. Ne5 Qxf5 36. Nxg6 Qxg6 37. Kf2 Bf6 38. Kf3 Qd3 39. Bb2 Kf7 40. g4 Re8 41. Qxd3 Bxd3 42. Re3 Rxe3+ 43. Kxe3 Be4 44. Bc3 h6 45. Be1 g6 46. a4 Bc2 47. a5 Bd1 0-1

[Event "Gunja active op"]
[Site "Gunja"]
[Date "2014.09.14"]
[Round "1"]
[White "Antolovic, Pero"]
[Black "Jovanovic, Zoran"]
[Result "0-1"]
[WhiteElo "1786"]
[BlackElo "2561"]
[PlyCount "84"]
[EventDate "2014.09.14"]
[EventType "swiss"]
[EventRounds "9"]
[EventCountry "CRO"]
[SourceTitle "EXT 2016"]
[Source "ChessBase"]
[SourceDate "2015.10.08"]
[SourceVersion "1"]
[SourceVersionDate "2015.10.08"]
[SourceQuality "1"]

1. f4 g6 2. e4 c5 3. Nf3 Bg7 4. Bc4 Nc6 5. a3 e6 6. 0-0 Nge7 7. Nc3 d5 8. exd5 exd5 9. Bb5 0-0 10. Ne2 a6 11. Ba4 b5 12. Bb3 c4 13. Ba2 Nf5 14. c3 d4 15. a4 d3 16. Ng3 Nxg3 17. hxg3 Bg4 18. b3 Qd5 19. bxc4 bxc4 20. Ba3 Rfe8 21. Rb1 Re2 22. Rf2 Rae8 23. Rxe2 dxe2 24. Qe1 Bxf3 25. gxf3 g5 26. Qf2 Qxd2 27. Bxc4 e1Q+ 28. Rxe1 Qxe1+ 29. Bf1 Qxf2+ 30. Kxf2 gxf4 31. Bxa6 Bxc3 32. gxf4 Bb4 33. Bb2 Bc5+ 34. Kg3 Nd4 35. Bb7 Rb8 36. Bxd4 Bxd4 37. Bc6 Bc3 38. Kg4 Kg7 39. f5 Rb4+ 40. Kh5 Bf6 41. Be4 Rxa4 42. Kg4 Ra1 0-1

[Event "Vukovar Srijem CupT 6th"]
[Site "Tompojevci"]
[Date "2013.03.10"]
[Round "5.3"]
[White "Antolovic, Pero"]
[Black "Lukic, Milutin"]
[Result "0-1"]
[WhiteElo "1783"]
[BlackElo "1997"]
[PlyCount "74"]
[EventDate "2013.03.08"]
[EventType "team-swiss"]
[EventRounds "5"]
[EventCountry "CRO"]
[SourceTitle "EXT 2014"]
[Source "ChessBase"]
[SourceDate "2013.11.20"]
[SourceVersion "1"]
[SourceVersionDate "2013.11.20"]
[SourceQuality "1"]
[WhiteTeam "Ivankovo"]
[BlackTeam "Borovo Vukovar"]
[WhiteTeamCountry "CRO"]
[BlackTeamCountry "CRO"]

1. f4 d5 2. d4 Nf6 3. Nf3 Bg4 4. e3 Ne4 5. Be2 e6 6. 0-0 Nd7 7. c4 c6 8. Qc2 Rc8 9. c5 h6 10. Nc3 f5 11. Nxe4 dxe4 12. Ne5 Nxe5 13. fxe5 Bxe2 14. Qxe2 g6 15. b4 a6 16. a4 Ra8 17. Qc4 Qd7 18. Rf2 Be7 19. g3 0-0 20. Bd2 Kh7 21. a5 Rg8 22. Raf1 Raf8 23. Kg2 g5 24. h3 Rg6 25. g4 h5 26. Qe2 hxg4 27. hxg4 Rh6 28. Rh1 Rxh1 29. Kxh1 Kg7 30. gxf5 exf5 31. Rh2 g4 32. Rh5 Qe6 33. Qh2 Qg6 34. Kg2 Bg5 35. Kg3 Rd8 36. Kf2 g3+ 37. Kxg3 Bh4+ 0-1